00266nam a2200097Ia 4500008004000000082001300040100002800053245003900081260004000120300000800160210210b1975 xxu||||| |||| 00| 0 eng d a351 GUPP aGUPTA (Bharat Bhushan). aProblems of Indian administration. aAllahabadbChugh publicationsc1975 a186